| 000 | 01591nam a2200409 i 4500 | ||
|---|---|---|---|
| 001 | 11124 | ||
| 003 | KOSZ 005 | ||
| 005 | 20200302083640.0 | ||
| 008 | 080613s1965 pl a f f 000 0 pol | ||
| 015 | _aPB 1965/5104 | ||
| 040 |
_aWA N _cWA N _dKOSZ 005/RW _dKOSZ 005/HR |
||
| 041 | 1 |
_apol _hrus |
|
| 046 | _k1965 | ||
| 080 | _a624.01/.07 | ||
| 080 | _a(075.8) | ||
| 100 | 1 |
_aKačurin, Vladimir Konstantinovič _d(1895-?) _eAutor |
|
| 245 | 1 | 0 |
_aTeoria konstrukcji wiszących / _cW. K. Kaczurin ; tłumaczenie Michał Szymański. |
| 246 | 1 |
_iTytuł oryginału: _aTeoriâ visâčih sistem. |
|
| 260 |
_aWarszawa : _b"Arkady", _c1965. |
||
| 300 |
_a190, [1] stron : _bilustracje ; _c24 cm. |
||
| 336 |
_aTekst _btxt _2rdacontent |
||
| 337 |
_aBez urządzenia pośredniczącego _bn _2rdamedia |
||
| 338 |
_aWolumin _bnc _2rdacarrier |
||
| 380 | _aKsiążki. | ||
| 380 | _aPublikacje dydaktyczne | ||
| 388 | _a1901-2000 | ||
| 504 | _aBibliografia na stronach 190-[191]. | ||
| 521 | 8 | _aKsiążka przeznaczona jest dla inżynierów projektantów konstrukcji wiszących i może być wykorzystana przez studentów wydziałów budowlanych wyższych szkól technicznych. | |
| 650 | 7 | _aKonstrukcje budowlane | |
| 655 | 7 | _aPodręczniki akademickie | |
| 658 | _aArchitektura i budownictwo | ||
| 658 | _aInżynieria i technika | ||
| 700 | 1 |
_aSzymański, Michał _eTłumaczenie |
|
| 710 | 2 |
_aWydawnictwo Arkady _4pbl. |
|
| 856 |
_uhttp://koha.tu.koszalin.pl/cgi-bin/koha/opac-detail.pl?biblionumber=11124 _yKatalog online BPK |
||
| 942 |
_2UKD _cKS |
||
| 999 |
_c11124 _d11124 |
||